000 00984cab a2200289 4500
001 ABS49397
008 090401t1993 xxu||||| |||| 00| 0 eng d
035 _a(Sirsi) u71087
041 _aeng
100 _aSendrove, D.
245 _aLock-out agreements: the new legal landscape
260 _c1993
350 _a0
490 _aEstates Gazette
_v(9338) 25 September 1993, 139-140(2)
520 _aConsiders current thinking on lock-out agreements in the light of "Pitt v PHH Asset Management Ltd" on residential gazamping and "Walford v Miles". Emphasises the significance of the "Pitt" decision in the commercial context.
650 _aBREACH OF CONTRACT
650 _aGAZUMPING
650 _aLOCK-OUT AGREEMENTS
650 _aPITT V PHH ASSET MANAGEMENT LTD
650 _aPROPERTY SALES
650 _aSALE AGREEMENT
650 _aVENDOR AND PURCHASER
650 _aWALFORD V MILES
690 _aPROPERTY LAW AND PRACTICE
942 _n0
948 _c04/03/1997
999 _c44783
_d44783